000 00489nam a2200181Ia 4500
005 20250326123631.0
008 250326s9999 xx 000 0 und d
037 _aTextbook
040 _aFMSL
_beng
_cFMSL
041 _aeng
_2eng
084 _aD658(B) K7
_qFMSL
100 _aMccracken D D
245 0 _aGuide to fortran IV: Programming
_cMccracken D D
260 _aNY
_bNY, John Wiley
_c1967
300 _a151p
942 _cTB
_hD658(B) K7
999 _c1270244
_d1270244